00333nam a2200121Ia 4500008004100000041000800041082001500049100002700064245004500091260003200136300003200168365001100200240624s9999 xx 000 0 und d aeng a133.35 GOO aGOODWIN MATTHEW OLIVER aNUMEROLOGY THE COMPLETE GUIDE II ADVANCE c2004aNew DelhibViva Books axvii, : 794 : p. : cm. ; 23 cRSb32